01376nam a2200301 i 4500003000900000005001700009007000300026008004100029040003000070082001500100110006900115245018400184264006600368300003500434336002700469337003300496338002800529500002300557590002700580651009100607651007100698700006200769710006800831910001400899942001400913952013000927999001701057DO-SdBNP20250604104046.0ta250604s2011 dr b r 000 0 spa d aDO-SdBNPbspacBNPHUerda axxxxbR426 aRepública DominicanabAyuntamiento del Distrito Nacional9953510aNormas de zonificación, uso e intervención en la Ciudad Colonial :bplan regulador integral de la Ciudad Colonial de Santo Domingo /cpresentación, Roberto Salcedo Gavilán 1aSanto Domingo :bAyuntamiento del Distrito Nacional,c[2011]. a105 páginas :bmapasc22 cm. atextobtxt2rdacontent asin mediaciónbn2rdamedia avolumenbnc2rdacarrier aOrdenanza 03-2011. aInventariado, 2025/ YL 4aSanto Domingo (República Dominicana)xHistoria953591vCongresos, conferencias, etc. 4aRepública Dominicanay1844953592vCongresos, conferencias, etc.1 aSalcedo Gavilán, Roberto epresentación4pres.9650912aDistrito Nacional (República Dominicana)bAyuntamiento953593 aYLockward 2ddccLBS1 00102ddc51708PDaBNPHUbBNPHUcCTd2024-10-29eDonación l0oBNPHU PD xxx R426p2025-4870r2025-06-04w2025-06-04yLBS1 c59140d59140